| 000 | 00985cab a2200301 4500 | ||
|---|---|---|---|
| 001 | ABS59456 | ||
| 008 | 090401t1998 xxu||||| |||| 00| 0 eng d | ||
| 035 | _a(Sirsi) u89491 | ||
| 041 | _aeng | ||
| 100 | _aSmithers, T. | ||
| 245 | _aRecycle and prosper | ||
| 260 | _c1998 | ||
| 350 | _a0 | ||
| 490 |
_aEstates Gazette _v(9844) 31 October 1998, 192-194(3) |
||
| 520 | _aExplains how the new PPG10 and EC Landfill Directive will force a shift from landfill to greener technologies. Outlines the legislative requirements, and the range of issues currently being addressed on the waste management agenda. | ||
| 650 | _aENVIRONMENTAL POLICY | ||
| 650 | _aDIRECTIVE 99/31/EC | ||
| 650 | _aLANDFILL | ||
| 650 | _aPLANNING CONTROL | ||
| 650 | _aPPG10 | ||
| 650 | _aWASTE DISPOSAL STRATEGY | ||
| 650 | _aWASTE LOCAL PLANS | ||
| 650 | _aWASTE MANAGEMENT | ||
| 690 | _aENVIRONMENTAL AND LAND CONSULTANCY | ||
| 700 | _aTappenden, M. | ||
| 942 | _n0 | ||
| 948 | _c04/11/1998 | ||
| 999 |
_c56627 _d56627 |
||